[Event "23rd Rubinstein Memorial"]
[Site "Polanica Zdroj POL"]
[Date "1985.08.05"]
[Round "1"]
[White "Stohl, Igor"]
[Black "Mokry, Karel"]
[Result "1/2-1/2"]
[WhiteElo "2445"]
[BlackElo "2455"]
[EventDate "1985.08.05"]
[PlyCount "79"]

1.d4 d6 2.Nf3 g6 3.e4 Nf6 4.Nc3 Bg7 5.Be2 O-O 6.O-O Bg4 7.Be3 Nc6 8.Qd2 e5
9.dxe5 dxe5 10.Rad1 Qc8 11.Qc1 Rd8 12.Rxd8+ Qxd8 13.Rd1 Qf8 14.h3 Bxf3 15.
Bxf3 Rd8 16.Nb5 Rxd1+ 17.Qxd1 Qb8 18.c3 Bf8 19.Bg5 Ne8 20.Qb3 Be7 21.Be3 
Nd6 22.Nxd6 Bxd6 23.Be2 Kg7 24.Qa4 Qa8 25.b4 b6 26.f3 Ne7 27.Kf2 Qc6 28.
Qxc6 Nxc6 29.a4 Nd8 30.Bc4 Kf6 31.Ke2 Ne6 32.g3 c6 33.Kd3 Ke7 34.Kc2 Bc7 
35.h4 Ng7 36.Bf1 Ne8 37.c4 Bd6 38.Kb3 c5 39.a5 Nc7 40.axb6 1/2-1/2

[Event "23rd Rubinstein Memorial"]
[Site "Polanica Zdroj POL"]
[Date "1985.08.05"]
[Round "1"]
[White "Drasko, Milan"]
[Black "Sygulski, Artur"]
[Result "1-0"]
[WhiteElo "2485"]
[BlackElo "2425"]
[EventDate "1985.08.05"]
[PlyCount "95"]

1.Nf3 Nf6 2.c4 g6 3.d4 Bg7 4.g3 d5 5.cxd5 Nxd5 6.Bg2 O-O 7.O-O Nc6 8.Nc3 
Nb6 9.d5 Nb4 10.e4 c6 11.a3 Na6 12.dxc6 bxc6 13.Qc2 Be6 14.Rd1 Qc8 15.Nd4 
Bg4 16.f3 Bd7 17.Be3 Rb8 18.b3 e5 19.Nde2 Be6 20.Rab1 Rd8 21.Rxd8+ Qxd8 
22.Rd1 Qe7 23.b4 Nc4 24.Bf2 Qb7 25.Qc1 Bf8 26.f4 Bh6 27.Na4 Nb6 28.Nxb6 
axb6 29.Qc2 exf4 30.Nxf4 Bg4 31.Rd6 c5 32.Nd5 Bf8 33.Rxb6 Qxb6 34.Nxb6 
Rxb6 35.e5 Be6 36.bxc5 Rb8 37.c6 Nc7 38.a4 Rb4 39.h3 Rc4 40.Qd1 Be7 41.Bb6
Na8 42.Bd8 Bc5+ 43.Kh2 Rd4 44.Qc1 Rc4 45.Qb2 Rxa4 46.Qb5 Rd4 47.Qb8 Ba7 
48.Qxa8 1-0

[Event "23rd Rubinstein Memorial"]
[Site "Polanica Zdroj POL"]
[Date "1985.08.05"]
[Round "1"]
[White "Lerner, Konstantin"]
[Black "Schmidt, Wlodzimierz"]
[Result "0-1"]
[WhiteElo "2515"]
[BlackElo "2470"]
[EventDate "1985.08.05"]
[PlyCount "106"]

1.c4 g6 2.d4 Nf6 3.Nf3 Bg7 4.g3 O-O 5.Bg2 d6 6.O-O Nc6 7.Nc3 a6 8.Bg5 Bg4 
9.Rc1 Nd7 10.d5 Bxf3 11.exf3 Nd4 12.Re1 Re8 13.Be3 c5 14.dxc6 Nxc6 15.f4 
Qa5 16.Qd2 Nc5 17.Red1 Rac8 18.b3 b5 19.cxb5 axb5 20.Nd5 b4 21.Rc4 e6 22.
Nxb4 Nxb4 23.Rxb4 d5 24.Rd4 Qa6 25.Bf1 Qa8 26.f3 Bxd4 27.Bxd4 Qb7 28.b4 
Nd7 29.a4 e5 30.fxe5 Nxe5 31.Qf4 Nc6 32.Bc5 d4 33.Bb5 Re6 34.Bc4 Ree8 35.
Bd5 Rcd8 36.Bd6 Qd7 37.b5 Ne5 38.Bxe5 Qxd5 39.Rxd4 Qe6 40.Rxd8 Rxd8 41.Kg2
Rd5 42.Bd4 Qe2+ 43.Bf2 Rd2 44.Qb8+ Kg7 45.Qb6 h5 46.Qc5 Rd1 47.Kh3 Qxf3 
48.b6 Rd2 49.b7 Rxf2 50.Qxf2 Qxf2 51.b8=Q Qf1+ 52.Kh4 f6 53.Qc7+ Kh6 0-1

[Event "23rd Rubinstein Memorial"]
[Site "Polanica Zdroj POL"]
[Date "1985.08.05"]
[Round "1"]
[White "Sznapik, Aleksander"]
[Black "Groszpeter, Attila"]
[Result "1/2-1/2"]
[WhiteElo "2465"]
[BlackElo "2445"]
[EventDate "1985.08.05"]
[PlyCount "63"]

1.e4 c6 2.d4 d5 3.exd5 cxd5 4.Bd3 Nc6 5.c3 g6 6.Nf3 Bg7 7.O-O Nh6 8.Re1 
O-O 9.Bf4 Kh8 10.Qd2 Nf5 11.Na3 f6 12.Nb5 g5 13.Bc7 Qd7 14.Bxf5 Qxf5 15.
Bg3 Bd7 16.Nc7 Rac8 17.Qe2 g4 18.Nh4 Qh5 19.Ne6 Bxe6 20.Qxe6 f5 21.f3 Rcd8
22.fxg4 Qxg4 23.Qe2 Rde8 24.Qxg4 fxg4 25.Re6 Rf7 26.Rae1 Ref8 27.h3 gxh3 
28.gxh3 Kg8 29.Kg2 Rf6 30.Rxf6 Bxf6 31.Nf3 Kf7 32.Ne5+ 1/2-1/2

[Event "23rd Rubinstein Memorial"]
[Site "Polanica Zdroj POL"]
[Date "1985.08.05"]
[Round "1"]
[White "Klinger, Josef"]
[Black "Gruenberg, Hans-Ulrich"]
[Result "1/2-1/2"]
[WhiteElo "2460"]
[BlackElo "2470"]
[EventDate "1985.08.05"]
[PlyCount "115"]

1.d4 Nf6 2.c4 e6 3.Nc3 Bb4 4.e3 c5 5.Bd3 O-O 6.Nf3 d5 7.O-O cxd4 8.exd4 
dxc4 9.Bxc4 b6 10.a3 Bxc3 11.bxc3 Bb7 12.Bd3 Nbd7 13.c4 Qc7 14.Bb2 Rfd8 
15.Qe2 Rac8 16.Rfe1 Qf4 17.Rad1 Qg4 18.Kh1 Qh5 19.Kg1 Qg4 20.Qe3 Ba6 21.
Rc1 Bb7 22.h3 Qh5 23.Be2 Qf5 24.Bd3 Qh5 25.Nh2 Qh4 26.Nf3 Qh5 27.Nh2 Qh4 
28.Be2 Qe4 29.Qg3 Qg6 30.Ng4 Nh5 31.Qe3 Nhf6 32.Bd3 Qh5 33.Qg3 Kh8 34.d5 
exd5 35.Nxf6 Nxf6 36.Re7 Ba6 37.Rxa7 Bxc4 38.Re1 Re8 39.Rd1 Bxd3 40.Rxd3 
Qf5 41.Rf3 Qb1+ 42.Kh2 Qxb2 43.Rxf7 Rg8 44.Qh4 Rcf8 45.R3xf6 Qxf6 46.Rxf6 
Rxf6 47.Qd4 Rd8 48.f3 Rc6 49.a4 Rc5 50.f4 Rf8 51.Qe5 h6 52.g4 Rc4 53.g5 
Re4 54.Qd6 Rexf4 55.gxh6 Rf2+ 56.Kg1 R2f6 57.hxg7+ Kxg7 58.Qxd5 1/2-1/2

[Event "23rd Rubinstein Memorial"]
[Site "Polanica Zdroj POL"]
[Date "1985.08.05"]
[Round "1"]
[White "Donchev, Dimitar"]
[Black "Garcia Palermo, Carlos"]
[Result "1/2-1/2"]
[WhiteElo "2445"]
[BlackElo "2515"]
[EventDate "1985.08.05"]
[PlyCount "93"]

1.Nf3 d5 2.d4 Nf6 3.c4 dxc4 4.e3 e6 5.Bxc4 c5 6.O-O a6 7.a4 Nc6 8.Nc3 Be7 
9.Qe2 cxd4 10.Rd1 e5 11.exd4 exd4 12.Nxd4 Nxd4 13.Qe5 Qd6 14.Qxd4 Qxd4 15.
Rxd4 Be6 16.Bg5 Rc8 17.Bxf6 Bxf6 18.Bxe6 fxe6 19.Rb4 O-O 20.Ne4 Rc2 21.Rb1
a5 22.Nxf6+ Rxf6 23.Rxb7 Rfxf2 24.Rb8+ Kf7 25.Rf1 Rxf1+ 26.Kxf1 h5 27.Rb5 
h4 28.h3 Kf6 29.b3 Rb2 30.Rxa5 Rxb3 31.Ra8 Ra3 32.Ke2 Kf5 33.a5 e5 34.a6 
Kf4 35.Rf8+ Ke4 36.Ra8 Ra2+ 37.Kf1 Kf4 38.Rf8+ Ke4 39.Ra8 Kf4 40.Rf8+ Ke3 
41.Rf3+ Ke4 42.Rf7 Rxa6 43.Rxg7 Ke3 44.Kg1 e4 45.g3 Ra1+ 46.Kg2 hxg3 47.
Re7 1/2-1/2

[Event "23rd Rubinstein Memorial"]
[Site "Polanica Zdroj POL"]
[Date "1985.08.06"]
[Round "2"]
[White "Mokry, Karel"]
[Black "Sygulski, Artur"]
[Result "1-0"]
[WhiteElo "2455"]
[BlackElo "2425"]
[EventDate "1985.08.05"]
[PlyCount "81"]

1.e4 e5 2.Nf3 Nc6 3.Bb5 a6 4.Ba4 Nf6 5.O-O Be7 6.Re1 b5 7.Bb3 d6 8.c3 O-O 
9.h3 Na5 10.Bc2 c5 11.d4 Qc7 12.Nbd2 Bd7 13.Nf1 cxd4 14.cxd4 Rac8 15.Ne3 
Nc6 16.d5 Nb4 17.Bb1 a5 18.a3 Na6 19.b4 Ra8 20.Bd2 Qb7 21.Bd3 axb4 22.axb4
Nh5 23.Nxe5 dxe5 24.Qxh5 Bxb4 25.Bxb4 Nxb4 26.Bf1 f6 27.Qe2 Rxa1 28.Rxa1 
Ra8 29.Qb2 Rxa1 30.Qxa1 Na6 31.Qa3 Kf7 32.Qd6 Bc8 33.Nf5 Bxf5 34.exf5 g6 
35.g4 gxf5 36.Qe6+ Kg7 37.g5 fxg5 38.Qxe5+ Kg6 39.d6 Nb8 40.Bxb5 Nc6 41.
Qe8+ 1-0

[Event "23rd Rubinstein Memorial"]
[Site "Polanica Zdroj POL"]
[Date "1985.08.06"]
[Round "2"]
[White "Schmidt, Wlodzimierz"]
[Black "Drasko, Milan"]
[Result "1/2-1/2"]
[WhiteElo "2470"]
[BlackElo "2485"]
[EventDate "1985.08.05"]
[PlyCount "21"]

1.d4 d5 2.c4 dxc4 3.Nf3 Nf6 4.Nc3 c6 5.a4 Bf5 6.Ne5 Nbd7 7.Nxc4 Nb6 8.Ne5 
e6 9.e3 Bb4 10.Bd2 Nfd7 11.Nd3 1/2-1/2

[Event "23rd Rubinstein Memorial"]
[Site "Polanica Zdroj POL"]
[Date "1985.08.06"]
[Round "2"]
[White "Nowak, Ignacy"]
[Black "Sznapik, Aleksander"]
[Result "1/2-1/2"]
[WhiteElo "2435"]
[BlackElo "2465"]
[EventDate "1985.08.05"]
[PlyCount "101"]

1.d4 Nf6 2.c4 g6 3.Nc3 Bg7 4.e4 d6 5.f3 O-O 6.Be3 Nc6 7.Nge2 a6 8.Qd2 Rb8 
9.h4 h5 10.O-O-O b5 11.Nd5 bxc4 12.Nxf6+ Bxf6 13.g4 Nb4 14.Nc3 c5 15.Bxc4 
cxd4 16.Bxd4 Qc7 17.Bb3 Bxd4 18.Qxd4 Be6 19.gxh5 Bxb3 20.axb3 Qa5 21.Kb1 
Qxh5 22.Qe3 Rfc8 23.Nd5 Rb7 24.Nxb4 Rxb4 25.Rd5 Qh8 26.h5 Rcb8 27.Rd3 R4b5
28.Qa7 Rxb3 29.Rxb3 Rxb3 30.Qa8+ Kg7 31.Qxh8+ Kxh8 32.hxg6+ Kg7 33.gxf7 
Rxf3 34.e5 dxe5 35.Rh5 Kxf7 36.Rxe5 Rf6 37.Kc2 Rd6 38.Re1 Rd5 39.Ra1 a5 
40.Kc3 e5 41.b4 axb4+ 42.Kxb4 Ke6 43.Kc4 Rd4+ 44.Kc3 Kf5 45.Rh1 Rd5 46.Kc4
Rd2 47.Rf1+ Ke6 48.Re1 Rd8 49.Kc3 Rd4 50.Ra1 Kf5 51.Rh1 1/2-1/2

[Event "23rd Rubinstein Memorial"]
[Site "Polanica Zdroj POL"]
[Date "1985.08.06"]
[Round "2"]
[White "Bany, Jerzy"]
[Black "Lerner, Konstantin"]
[Result "1/2-1/2"]
[WhiteElo "2420"]
[BlackElo "2515"]
[EventDate "1985.08.05"]
[PlyCount "57"]

1.Nf3 c5 2.c4 Nf6 3.g3 g6 4.Bg2 Bg7 5.O-O O-O 6.Nc3 Nc6 7.d4 Nxd4 8.Nxd4 
cxd4 9.Qxd4 d6 10.Qd3 Be6 11.Bd2 Rb8 12.Rac1 a6 13.b3 Nd7 14.Nd5 b5 15.
cxb5 axb5 16.Bg5 Bxd5 17.Qxd5 b4 18.Be3 Nf6 19.Qd3 Qa5 20.Rc2 Rfc8 21.Rfc1
Rxc2 22.Rxc2 Ng4 23.Bd4 Bxd4 24.Qxd4 Nf6 25.Qe3 Kf8 26.Qh6+ Kg8 27.Qe3 Kf8
28.Qh6+ Kg8 29.Qe3 1/2-1/2

[Event "23rd Rubinstein Memorial"]
[Site "Polanica Zdroj POL"]
[Date "1985.08.06"]
[Round "2"]
[White "Groszpeter, Attila"]
[Black "Klinger, Josef"]
[Result "1/2-1/2"]
[WhiteElo "2445"]
[BlackElo "2460"]
[EventDate "1985.08.05"]
[PlyCount "82"]

1.d4 Nf6 2.c4 e6 3.Nf3 b6 4.g3 Ba6 5.b3 Bb4+ 6.Bd2 Be7 7.Bg2 c6 8.Bc3 d5 
9.Nbd2 Nbd7 10.O-O O-O 11.Re1 c5 12.e4 dxe4 13.Nxe4 Bb7 14.Nfg5 cxd4 15.
Bxd4 Qc7 16.Nxf6+ Bxf6 17.Bxb7 Qxb7 18.Ne4 Bxd4 19.Qxd4 Rad8 20.Rad1 Qa8 
21.b4 f6 22.Qc3 Ne5 23.f3 Qc6 24.c5 bxc5 25.bxc5 Rd5 26.f4 Nd7 27.Rxd5 
exd5 28.Nd6 Qxc5+ 29.Qxc5 Nxc5 30.Nf5 g6 31.Ne7+ Kf7 32.Nxd5 Rd8 33.Ne3 
Rd2 34.Rc1 Ne6 35.Rc2 Rxc2 36.Nxc2 Ke7 37.Na3 Nd4 38.Nc4 Ke6 39.Kf2 Nc2 
40.Ke2 Kd5 41.Nd2 Kd4 1/2-1/2

[Event "23rd Rubinstein Memorial"]
[Site "Polanica Zdroj POL"]
[Date "1985.08.07"]
[Round "3"]
[White "Sygulski, Artur"]
[Black "Schmidt, Wlodzimierz"]
[Result "1/2-1/2"]
[WhiteElo "2425"]
[BlackElo "2470"]
[EventDate "1985.08.05"]
[PlyCount "84"]

1.d4 Nf6 2.c4 g6 3.Nf3 Bg7 4.Nc3 d5 5.cxd5 Nxd5 6.e4 Nxc3 7.bxc3 c5 8.Rb1 
O-O 9.Be2 cxd4 10.cxd4 Qa5+ 11.Qd2 Qxd2+ 12.Bxd2 e6 13.Bc4 b6 14.d5 Ba6 
15.Bxa6 Nxa6 16.dxe6 fxe6 17.Ke2 Rfc8 18.Rhc1 Nc5 19.Rc4 Nb7 20.Rxc8+ Rxc8
21.Rc1 Rxc1 22.Bxc1 Nc5 23.e5 Nd7 24.Bb2 h6 25.Bd4 Kf7 26.Kd3 a6 27.Ke4 
Bf8 28.Ne1 Nc5+ 29.Bxc5 Bxc5 30.Nd3 Ba3 31.f4 h5 32.g3 Ke8 33.h3 Kd7 34.
Ne1 Bc5 35.Nf3 Ke7 36.g4 hxg4 37.hxg4 Bf2 38.f5 exf5+ 39.gxf5 gxf5+ 40.
Kxf5 b5 41.e6 a5 42.Ne5 Kd6 1/2-1/2

[Event "23rd Rubinstein Memorial"]
[Site "Polanica Zdroj POL"]
[Date "1985.08.07"]
[Round "3"]
[White "Sznapik, Aleksander"]
[Black "Stohl, Igor"]
[Result "1/2-1/2"]
[WhiteElo "2465"]
[BlackElo "2445"]
[EventDate "1985.08.05"]
[PlyCount "34"]

1.e4 c5 2.Nf3 d6 3.d4 cxd4 4.Nxd4 a6 5.c4 Nf6 6.Nc3 e6 7.Bd3 b6 8.O-O Bb7 
9.b3 Nbd7 10.Qe2 g6 11.Bb2 Bg7 12.Rad1 O-O 13.Bb1 Qc7 14.Rfe1 Rad8 15.h3 
Rfe8 16.Qd2 Nc5 17.Nf3 Bc6 1/2-1/2

[Event "23rd Rubinstein Memorial"]
[Site "Polanica Zdroj POL"]
[Date "1985.08.07"]
[Round "3"]
[White "Klinger, Josef"]
[Black "Nowak, Ignacy"]
[Result "1-0"]
[WhiteElo "2460"]
[BlackElo "2435"]
[EventDate "1985.08.05"]
[PlyCount "73"]

1.e4 c5 2.Nf3 e6 3.d4 cxd4 4.Nxd4 Nf6 5.Nc3 d6 6.f4 Nc6 7.Nf3 Be7 8.Bd3 a6
9.O-O O-O 10.Qe1 Nb4 11.Qg3 Nxd3 12.cxd3 Bd7 13.Kh1 b5 14.b3 Rc8 15.Bb2 
Nh5 16.Qg4 g6 17.e5 f5 18.exf6 Bxf6 19.f5 exf5 20.Qb4 Rc5 21.Nd1 a5 22.Qd2
b4 23.Ne3 Bb5 24.Nd4 Re8 25.Rae1 Bd7 26.Nc4 Rd5 27.Qf2 Be5 28.Nxe5 dxe5 
29.Nf3 Qb8 30.Nxe5 Rdxe5 31.Rxe5 Rxe5 32.Qd4 Re8 33.Qh8+ Kf7 34.Qxh7+ Kf8 
35.Qxd7 Qf4 36.Bg7+ Nxg7 37.Qxe8+ 1-0

[Event "23rd Rubinstein Memorial"]
[Site "Polanica Zdroj POL"]
[Date "1985.08.07"]
[Round "3"]
[White "Lerner, Konstantin"]
[Black "Garcia Palermo, Carlos"]
[Result "1-0"]
[WhiteElo "2515"]
[BlackElo "2515"]
[EventDate "1985.08.05"]
[PlyCount "85"]

1.d4 d5 2.c4 dxc4 3.Nf3 Nf6 4.e3 e6 5.Bxc4 c5 6.O-O a6 7.Bb3 Nc6 8.Qe2 Be7
9.Rd1 Qc7 10.Nc3 O-O 11.Bd2 b6 12.Rac1 Bb7 13.dxc5 bxc5 14.Na4 Ne4 15.Be1 
Rfd8 16.Bc2 Rxd1 17.Rxd1 Nb4 18.Bb1 a5 19.b3 Rd8 20.Rxd8+ Qxd8 21.Qc4 Qd5 
22.a3 Na6 23.Nb6 Qxc4 24.Nxc4 a4 25.bxa4 f6 26.Bd3 Nb8 27.Nfd2 Nc3 28.a5 
Kf7 29.f3 h6 30.Nb6 Nd5 31.Bg3 Na6 32.Ndc4 g5 33.e4 Nf4 34.Bxf4 gxf4 35.e5
fxe5 36.Be4 Bxe4 37.fxe4 Ke8 38.Nxe5 Bf6 39.Nec4 Bd4+ 40.Kf1 Kd8 41.Ke2 
Kc7 42.Kf3 e5 43.Kg4 1-0

[Event "23rd Rubinstein Memorial"]
[Site "Polanica Zdroj POL"]
[Date "1985.08.07"]
[Round "3"]
[White "Donchev, Dimitar"]
[Black "Groszpeter, Attila"]
[Result "0-1"]
[WhiteElo "2445"]
[BlackElo "2445"]
[EventDate "1985.08.05"]
[PlyCount "50"]

1.d4 Nf6 2.Nf3 g6 3.g3 Bg7 4.Bg2 O-O 5.c4 d6 6.O-O Nbd7 7.Qc2 e5 8.Rd1 Qe7
9.Nc3 c6 10.e4 exd4 11.Nxd4 Ne5 12.b3 Bg4 13.f3 c5 14.fxg4 cxd4 15.Rxd4 
Nexg4 16.Bb2 Nxh2 17.Rad1 Nhg4 18.Qe2 Qe5 19.R4d3 Qc5+ 20.Kf1 Bh6 21.Ke1 
Rfe8 22.Rf3 Re6 23.Bh3 Rae8 24.Kf1 Qh5 25.Qg2 Nh2+ 0-1

[Event "23rd Rubinstein Memorial"]
[Site "Polanica Zdroj POL"]
[Date "1985.08.08"]
[Round "4"]
[White "Mokry, Karel"]
[Black "Schmidt, Wlodzimierz"]
[Result "1-0"]
[WhiteElo "2455"]
[BlackElo "2470"]
[EventDate "1985.08.05"]
[PlyCount "113"]

1.e4 c5 2.Nf3 e6 3.d4 cxd4 4.Nxd4 Nc6 5.Nb5 d6 6.c4 Nf6 7.N1c3 a6 8.Na3 
Be7 9.Be2 O-O 10.O-O Bd7 11.Be3 b6 12.f4 Qb8 13.Qe1 Ra7 14.Kh1 Rc8 15.Rd1 
Be8 16.Qg3 Nd7 17.f5 Nce5 18.Bg5 Bxg5 19.Qxg5 exf5 20.Nd5 f6 21.Qg3 f4 22.
Rxf4 Kh8 23.b4 Nf8 24.Qe3 b5 25.Rc1 bxc4 26.Nxc4 Bb5 27.Nxe5 Rxc1+ 28.Qxc1
dxe5 29.Rf2 Bd7 30.Bf1 Ne6 31.Rc2 Ra8 32.h3 Qd6 33.a4 f5 34.Nc7 Nxc7 35.
Rxc7 fxe4 36.b5 axb5 37.Bxb5 Bf5 38.Qc5 Qf6 39.Re7 Bxh3 40.Qxe5 Qxe5 41.
Rxe5 Bg4 42.a5 h5 43.a6 Ra7 44.Rxe4 Kh7 45.Re8 Bf5 46.Kg1 Kg6 47.Kf2 Kf6 
48.Rh8 g6 49.Ke3 Re7+ 50.Kd4 Be4 51.Rf8+ Kg5 52.Re8 Rxe8 53.Bxe8 Bxg2 54.
a7 h4 55.Bd7 Kf4 56.Be6 h3 57.Bxh3 1-0

[Event "23rd Rubinstein Memorial"]
[Site "Polanica Zdroj POL"]
[Date "1985.08.08"]
[Round "4"]
[White "Cvitan, Ognjen"]
[Black "Sznapik, Aleksander"]
[Result "1/2-1/2"]
[WhiteElo "2450"]
[BlackElo "2465"]
[EventDate "1985.08.05"]
[PlyCount "85"]

1.Nf3 g6 2.d4 Bg7 3.e4 d6 4.Bc4 Nc6 5.h3 Nf6 6.Qe2 e5 7.dxe5 Nxe5 8.Nxe5 
dxe5 9.O-O O-O 10.Rd1 Qe7 11.Bg5 h6 12.Bh4 c6 13.a4 Qc7 14.Nd2 Nh5 15.Nf1 
Nf4 16.Qd2 Be6 17.Bxe6 Nxe6 18.c3 Rfe8 19.Ne3 Nc5 20.Qc2 a5 21.Nc4 Bf8 22.
Rd2 Be7 23.Bxe7 Rxe7 24.Rad1 Kg7 25.h4 h5 26.g3 Rf8 27.Rd6 f6 28.Kg2 Rff7 
29.f3 Rd7 30.R1d2 b5 31.axb5 cxb5 32.Rxd7 Rxd7 33.Ne3 Rxd2+ 34.Qxd2 Qd7 
35.Nd5 a4 36.Qe3 Qd6 37.Qe2 Qd7 38.Qe3 Qd6 39.g4 hxg4 40.fxg4 Nd7 41.Kg3 
Qc5 42.Kf3 Qc4 43.Qa7 1/2-1/2

[Event "23rd Rubinstein Memorial"]
[Site "Polanica Zdroj POL"]
[Date "1985.08.08"]
[Round "4"]
[White "Bany, Jerzy"]
[Black "Sygulski, Artur"]
[Result "1/2-1/2"]
[WhiteElo "2420"]
[BlackElo "2425"]
[EventDate "1985.08.05"]
[PlyCount "80"]

1.Nf3 g6 2.g3 Bg7 3.d4 d5 4.Bg2 c6 5.c4 Nf6 6.cxd5 cxd5 7.Ne5 Nfd7 8.Nxd7 
Qxd7 9.Nc3 e6 10.O-O Nc6 11.Be3 O-O 12.Qd2 b6 13.Bh6 Bb7 14.Bxg7 Kxg7 15.
Rfc1 Ne7 16.Qf4 Rac8 17.Qe5+ f6 18.Qf4 Nf5 19.Bh3 Nd6 20.Nd1 Nf7 21.Qe3 
Rxc1 22.Rxc1 Rc8 23.Rxc8 Bxc8 24.Nc3 Ng5 25.Bg2 Nf7 26.h4 Qc6 27.Bh3 Bd7 
28.Qd3 Nd6 29.e3 Kf7 30.h5 Kg7 31.hxg6 hxg6 32.Ne2 g5 33.Nc3 Qc8 34.Qe2 
Nf7 35.Qh5 Qh8 36.Qxh8+ Nxh8 37.f4 Nf7 38.Kf2 Nh6 39.fxg5 fxg5 40.Kf3 Nf5 
1/2-1/2

[Event "23rd Rubinstein Memorial"]
[Site "Polanica Zdroj POL"]
[Date "1985.08.08"]
[Round "4"]
[White "Stohl, Igor"]
[Black "Klinger, Josef"]
[Result "1/2-1/2"]
[WhiteElo "2445"]
[BlackElo "2460"]
[EventDate "1985.08.05"]
[PlyCount "58"]

1.c4 e5 2.Nc3 d6 3.Nf3 f5 4.d3 Nf6 5.g3 Be7 6.Bg2 O-O 7.O-O Qe8 8.Bg5 Nbd7
9.Rc1 c5 10.a3 Qh5 11.b4 f4 12.bxc5 fxg3 13.fxg3 d5 14.Bxf6 Nxf6 15.Nxd5 
Bxc5+ 16.d4 exd4 17.Nxd4 Ng4 18.Rxf8+ Kxf8 19.h3 Qe5 20.hxg4 Bxd4+ 21.e3 
Bxe3+ 22.Nxe3 Qxe3+ 23.Kh2 Qh6+ 24.Kg1 Bxg4 25.Qf1+ Kg8 26.Re1 Qd6 27.Qf4 
Qxf4 28.gxf4 Kf7 29.Rb1 Rb8 1/2-1/2

[Event "23rd Rubinstein Memorial"]
[Site "Polanica Zdroj POL"]
[Date "1985.08.08"]
[Round "4"]
[White "Garcia Palermo, Carlos"]
[Black "Drasko, Milan"]
[Result "1/2-1/2"]
[WhiteElo "2515"]
[BlackElo "2485"]
[EventDate "1985.08.05"]
[PlyCount "49"]

1.d4 d5 2.c4 c6 3.Nf3 Nf6 4.Nc3 dxc4 5.a4 Bf5 6.e3 e6 7.Bxc4 Bb4 8.O-O 
Nbd7 9.Qe2 Bg4 10.Rd1 Qa5 11.Bd2 Qh5 12.h3 Bxf3 13.Qxf3 Qxf3 14.gxf3 e5 
15.Ne4 Be7 16.Bc3 exd4 17.Bxd4 Nxe4 18.fxe4 Nc5 19.f3 O-O 20.Kf2 Rfd8 21.
Ke2 Kf8 22.Rdc1 Ne6 23.Bc3 a5 24.h4 Bf6 25.Bxe6 1/2-1/2

[Event "23rd Rubinstein Memorial"]
[Site "Polanica Zdroj POL"]
[Date "1985.08.08"]
[Round "4"]
[White "Gruenberg, Hans-Ulrich"]
[Black "Lerner, Konstantin"]
[Result "1/2-1/2"]
[WhiteElo "2470"]
[BlackElo "2515"]
[EventDate "1985.08.05"]
[PlyCount "113"]

1.d4 Nf6 2.c4 e6 3.Nf3 b6 4.g3 Ba6 5.b3 Bb4+ 6.Bd2 Be7 7.Nc3 O-O 8.e4 d5 
9.cxd5 Bxf1 10.Kxf1 exd5 11.e5 Ne4 12.Qe2 Nxc3 13.Bxc3 Qd7 14.Kg2 Nc6 15.
Rhe1 Nd8 16.Nd2 Ne6 17.f4 g6 18.Rad1 Rae8 19.Nf3 f5 20.exf6 Bxf6 21.Qd2 
Ng7 22.Bb4 Rxe1 23.Rxe1 Re8 24.Rxe8+ Qxe8 25.Qe1 Qd7 26.Kf2 Nf5 27.Ne5 Qe6
28.Qe3 Bxe5 29.dxe5 c5 30.Ba3 h5 31.Bb2 Kf7 32.Qd3 Ne7 33.Kg2 Qf5 34.Qxf5+
gxf5 35.Kf3 Ke6 36.h3 Nc6 37.g4 hxg4+ 38.hxg4 b5 39.g5 a5 40.Ba3 b4 41.Bc1
c4 42.bxc4 dxc4 43.Ke3 Kd5 44.g6 Ke6 45.a3 Ke7 46.Bb2 Kf8 47.e6 c3 48.Ba1 
Ne7 49.axb4 axb4 50.Kd4 Nxg6 51.Kc4 Nxf4 52.Kxb4 c2 53.Bb2 Ne2 54.Kb3 c1=Q
55.Bxc1 Nxc1+ 56.Kc4 f4 57.Kd4 1/2-1/2

[Event "23rd Rubinstein Memorial"]
[Site "Polanica Zdroj POL"]
[Date "1985.08.09"]
[Round "5"]
[White "Sznapik, Aleksander"]
[Black "Mokry, Karel"]
[Result "1/2-1/2"]
[WhiteElo "2465"]
[BlackElo "2455"]
[EventDate "1985.08.05"]
[PlyCount "81"]

1.e4 e5 2.Nf3 Nc6 3.Bb5 a6 4.Ba4 Nf6 5.O-O Be7 6.Re1 b5 7.Bb3 d6 8.c3 O-O 
9.h3 Na5 10.Bc2 c5 11.d4 Qc7 12.dxe5 dxe5 13.Nh4 g6 14.Bh6 Rd8 15.Qf3 Kh8 
16.Bc1 Be6 17.Nd2 c4 18.Nf1 Nb7 19.Bg5 Nh5 20.Bxe7 Qxe7 21.Nf5 Qf6 22.g3 
Ng7 23.N1e3 h5 24.Nd4 Qxf3 25.Nxf3 f6 26.Nd5 Ne8 27.Kg2 Nc5 28.Rad1 Kg7 
29.b4 cxb3 30.axb3 a5 31.b4 axb4 32.cxb4 Na4 33.Bb3 Bxd5 34.Rxd5 Nc3 35.
Rc5 Rac8 36.Rxc8 Rxc8 37.Nd2 Rd8 38.Nf3 Nd6 39.Nd2 Ne8 40.Nf3 Nd6 41.Nd2 
1/2-1/2

[Event "23rd Rubinstein Memorial"]
[Site "Polanica Zdroj POL"]
[Date "1985.08.09"]
[Round "5"]
[White "Schmidt, Wlodzimierz"]
[Black "Bany, Jerzy"]
[Result "1/2-1/2"]
[WhiteElo "2470"]
[BlackElo "2420"]
[EventDate "1985.08.05"]
[PlyCount "27"]

1.d4 d5 2.c4 c6 3.Nc3 Nf6 4.Nf3 e6 5.Bg5 h6 6.Bxf6 Qxf6 7.Qc2 dxc4 8.e3 b5
9.a4 Bb7 10.axb5 cxb5 11.Nxb5 Bb4+ 12.Nc3 O-O 13.Be2 Nd7 14.O-O 1/2-1/2

[Event "23rd Rubinstein Memorial"]
[Site "Polanica Zdroj POL"]
[Date "1985.08.09"]
[Round "5"]
[White "Klinger, Josef"]
[Black "Cvitan, Ognjen"]
[Result "1/2-1/2"]
[WhiteElo "2460"]
[BlackElo "2450"]
[EventDate "1985.08.05"]
[PlyCount "37"]

1.e4 c5 2.Nf3 e6 3.d4 cxd4 4.Nxd4 a6 5.Bd3 Nf6 6.O-O Qc7 7.Nc3 Nc6 8.Be3 
b5 9.Nxc6 dxc6 10.f4 e5 11.f5 Bb7 12.a4 b4 13.Nb1 c5 14.Nd2 c4 15.Nxc4 
Nxe4 16.Qe2 Nc5 17.Bxc5 Bxc5+ 18.Kh1 f6 19.Be4 1/2-1/2

[Event "23rd Rubinstein Memorial"]
[Site "Polanica Zdroj POL"]
[Date "1985.08.09"]
[Round "5"]
[White "Sygulski, Artur"]
[Black "Garcia Palermo, Carlos"]
[Result "1-0"]
[WhiteElo "2425"]
[BlackElo "2515"]
[EventDate "1985.08.05"]
[PlyCount "149"]

1.d4 d5 2.c4 dxc4 3.e3 Nf6 4.Bxc4 e6 5.Nf3 c5 6.O-O a6 7.Bb3 Nc6 8.Qe2 Qc7
9.Nc3 Bd6 10.Bd2 O-O 11.Rac1 cxd4 12.exd4 Bf4 13.Rfd1 Rd8 14.Ne4 Nd5 15.
Nc5 Bxd2 16.Qxd2 Qf4 17.Bxd5 Qxd2 18.Rxd2 Rxd5 19.Na4 Rd8 20.Nb6 Rb8 21.
Rcd1 f6 22.Re1 Kf7 23.Rc2 g5 24.h3 h5 25.Rd1 g4 26.hxg4 hxg4 27.Nh4 Bd7 
28.Rc4 f5 29.d5 exd5 30.Rf4 d4 31.Nxd7 Rxd7 32.Nxf5 Kg6 33.g3 d3 34.Ne3 
Ne5 35.Nxg4 Nxg4 36.Rxg4+ Kf5 37.Rf4+ Kg5 38.Rd2 b5 39.Kg2 Rc8 40.Kf3 Rcd8
41.a4 bxa4 42.Rxa4 Rd6 43.Ra5+ Kg6 44.Ke4 Rd4+ 45.Ke3 R4d6 46.f4 Kf6 47.
Ke4 Re8+ 48.Re5 Rg8 49.Kf3 Rc8 50.g4 Rc1 51.g5+ Kg6 52.Re3 Rf1+ 53.Ke4 
Re6+ 54.Kxd3 Rd6+ 55.Ke2 Rxd2+ 56.Kxd2 Rxf4 57.Re5 Rf3 58.Ra5 Rg3 59.Rxa6+
Kxg5 60.Re6 Kf5 61.Re8 Kf6 62.Kc2 Kf7 63.Re4 Kf6 64.b3 Rg8 65.Re3 Rc8+ 66.
Kd3 Rd8+ 67.Kc4 Rc8+ 68.Kd4 Rb8 69.Kc5 Rc8+ 70.Kd6 Rb8 71.Rf3+ Kg5 72.Kc5 
Kg4 73.Rd3 Kf5 74.b4 Rc8+ 75.Kd5 1-0

[Event "23rd Rubinstein Memorial"]
[Site "Polanica Zdroj POL"]
[Date "1985.08.09"]
[Round "5"]
[White "Donchev, Dimitar"]
[Black "Stohl, Igor"]
[Result "1/2-1/2"]
[WhiteElo "2445"]
[BlackElo "2445"]
[EventDate "1985.08.05"]
[PlyCount "88"]

1.e4 c5 2.Nf3 d6 3.d4 Nf6 4.Nc3 cxd4 5.Nxd4 e6 6.Bc4 Be7 7.f4 O-O 8.Bb3 
Na6 9.f5 Nc5 10.Qf3 Nfd7 11.O-O Ne5 12.Qg3 Bf6 13.Be3 a6 14.Rad1 Nxb3 15.
cxb3 Bd7 16.Rd2 Qe7 17.Nce2 Bc6 18.Nf4 Bxe4 19.fxe6 fxe6 20.Ndxe6 Bh4 21.
Qxg7+ Qxg7 22.Nxg7 Kxg7 23.Ne6+ Kg8 24.Rxf8+ Rxf8 25.Nxf8 Kxf8 26.Rxd6 Bb1
27.a3 Nc6 28.Rd7 b5 29.Rd6 Be4 30.Re6 Bd5 31.Rh6 Be7 32.Rxh7 Bxb3 33.Rh6 
Bd5 34.Rh5 Bf7 35.Rf5 Kg7 36.Rf2 Bf6 37.Rd2 Be5 38.g4 Be6 39.h3 Kg6 40.b4 
a5 41.bxa5 Nxa5 42.Bc5 Nc4 43.Rd3 Bf6 44.Kg2 Kf7 1/2-1/2

[Event "23rd Rubinstein Memorial"]
[Site "Polanica Zdroj POL"]
[Date "1985.08.09"]
[Round "5"]
[White "Spiridonov, Nikola"]
[Black "Nowak, Ignacy"]
[Result "1-0"]
[WhiteElo "2420"]
[BlackElo "2435"]
[EventDate "1985.08.05"]
[PlyCount "69"]

1.Nf3 Nf6 2.c4 g6 3.b4 Bg7 4.Bb2 O-O 5.e3 b6 6.Be2 c5 7.a3 d6 8.O-O Nbd7 
9.d4 e6 10.Nc3 Bb7 11.Qb3 Qb8 12.Rfd1 a6 13.Rd2 Qc7 14.Rad1 Rfd8 15.dxc5 
dxc5 16.b5 Nf8 17.bxa6 Rxd2 18.Nxd2 Rxa6 19.Nb5 Qb8 20.Bf3 N8d7 21.Bc3 Ne8
22.Bxg7 Kxg7 23.Qc3+ Kg8 24.h4 Ndf6 25.Bxb7 Qxb7 26.e4 Ra8 27.e5 Nh5 28.
Nf3 Qe4 29.g3 h6 30.Rd7 Qc6 31.Qd3 Kg7 32.Nh2 Ra4 33.Re7 Ra8 34.Na7 Qa4 
35.Qf3 1-0